| 000 | 01294nam a2200229 i 4500 | ||
|---|---|---|---|
| 001 | 162885 | ||
| 003 | ES-MaACL | ||
| 005 | 20230906212625.0 | ||
| 008 | 940615m18761882sp af |||| | spa d | ||
| 100 | 1 |
_aRada y Delgado, Juan de Dios de la. _994904 |
|
| 245 | 1 | 0 |
_aViaje a Oriente de la fragata de guerra Arapiles _b: de la comisión científica que llevó a su bordo / _cescrito por el doctor Juan de Dios de la Rada y Delgado ... ; adornada con láminas en acero, litografiadas y cromo-litografiadas, hechas por ... Ricardo Velázquez. |
| 260 |
_aBarcelona : _bEmilio Oliver y Cia, _c1876-1882. |
||
| 300 |
_a3 v. (767 p., 29 h. de lám.; 727 p., 20 h. de lám.; 233 p., 15 h. de lám.) : _bil. ; _c33 cm. |
||
| 500 | _aLos impresores son: v. I, Jaime Jepús Roviralta - v. II, Tipografía de La Academia - v. III, Enrique Rubiños. | ||
| 530 | _aDisponible en formato digital. | ||
| 597 | _aPort. a dos tintas. | ||
| 651 | 4 |
_aOriente Medio- _xDescripción. _9159943 |
|
| 700 | 1 |
_aVelázquez Bosco, Ricardo, _d1843-1923 _9113808 |
|
| 852 |
_aES-MaACL _jC-784-85 _z- Enc. hol. _q- Falto del t. III |
||
| 856 |
_uhttp://bibliotecadigitalhispanica.bne.es:80/webclient/DeliveryManager?pid=3085314&custom_att_2=simple_viewer _zBiblioteca Digital Hispánica |
||
| 999 |
_c162885 _d162885 |
||